| 000 | 00533nam a2200217Ia 4500 | ||
|---|---|---|---|
| 005 | 20231003115727.0 | ||
| 008 | 131103s9999 xx 000 0 und d | ||
| 020 |
_a8170586380 _cRs 275 |
||
| 040 | _aLoreto College | ||
| 041 | _aEnglish | ||
| 082 |
_a294.561 _bAUR |
||
| 100 | _aAurobindo | ||
| 245 | 4 |
_aThe Life Divine _cSri Aurobindo |
|
| 250 | _a6th ed | ||
| 260 |
_aPondicherry _bSri Aurobindo Ashram _c2001 |
||
| 300 | _a1154p | ||
| 504 | _aIncludes index | ||
| 650 | _aDivine Life | ||
| 850 | _aLCLIB | ||
| 942 | _cBK | ||
| 999 |
_c15621 _d66100 |
||